Central Library OPAC University of Rajshahi

Old societies and new states : (Record no. 33368)

MARC details
000 -LEADER
fixed length control field 01320nam a2200349 a 4500
001 - CONTROL NUMBER
control field 33368
003 - CONTROL NUMBER IDENTIFIER
rucl marc code BD-RjUL
005 - DATE AND TIME OF LATEST TRANSACTION
control field 20211209052008.0
008 - FIXED-LENGTH DATA ELEMENTS--GENERAL INFORMATION
fixed length control field 140507s19671963nyua b 001 0 eng d
035 ## - SYSTEM CONTROL NUMBER
System control number 63-08416
System control number (BD-RjUL)33459
040 ## - CATALOGING SOURCE
Original cataloging agency DLC
Transcribing agency CCL
Modifying agency m.c
-- BD-RjUL
Language of cataloging eng
041 ## - LANGUAGE CODE
Language code of text/sound track or separate title eng
082 ## - DEWEY DECIMAL CLASSIFICATION NUMBER
Classification number 905
Author mark and year OLD 1967
110 2# - MAIN ENTRY--CORPORATE NAME
Corporate name or jurisdiction name as entry element University of Chicago.
Subordinate unit Committee for the Comparative Study of New Nations.
9 (RLIN) 101295
245 10 - TITLE STATEMENT
Title Old societies and new states :
Remainder of title the quest for modernity in Asia and Africa /
Statement of responsibility, etc. edited by Clifford Geertz.
260 ## - PUBLICATION, DISTRIBUTION, ETC. (IMPRINT)
Place of publication, distribution, etc. New York :
Name of publisher, distributor, etc. Free Press of Glencoe ;
Place of publication, distribution, etc. London :
Name of publisher, distributor, etc. Collier-Macmillan,
Date of publication, distribution, etc. 1963 [Printing 1967].
300 ## - PHYSICAL DESCRIPTION
Pagination viii, 310 p. :
Illustrations ill. ;
Size 22 cm.
504 ## - BIBLIOGRAPHY, ETC. NOTE
Bibliography, etc Includes bibliographical footnotes and index.
650 #0 - SUBJECT ADDED ENTRY--TOPICAL TERM
Topical term or geographic name as entry element Africa
9 (RLIN) 101288
Topical term or geographic name as entry element Newly independent states
General subdivision Education.
9 (RLIN) 101289
Topical term or geographic name as entry element Newly independent states
General subdivision Politics and government.
9 (RLIN) 5878
651 #0 - SUBJECT ADDED ENTRY--GEOGRAPHIC NAME
Geographic name Developing countries
General subdivision Economic conditions.
9 (RLIN) 101290
Geographic name Developing countries
General subdivision Politics and government.
9 (RLIN) 6865
Geographic name Asia
General subdivision Politics and government.
9 (RLIN) 101291
Geographic name Africa
General subdivision Politics and government.
9 (RLIN) 101292
700 1# - ADDED ENTRY--PERSONAL NAME
Personal name Geertz, Clifford.
942 ## - ADDED ENTRY ELEMENTS (KOHA)
Source of classification or shelving scheme Dewey Decimal Classification
Koha item type Books
Holdings
Lost status Source of classification or shelving scheme Damaged status Not for loan Collection code Permanent Location Current Location Shelving location Date acquired Source of acquisition Cost, normal purchase price Total Checkouts Full call number Date last seen Copy number Koha item type
  Dewey Decimal Classification     Non-fiction Central Library, University of Rajshahi Central Library, University of Rajshahi   26/09/1970 Sweets & Zeitlinger 0.00   905 OLD 1967 07/05/2014 C-2 Books
  Dewey Decimal Classification     Non-fiction Central Library, University of Rajshahi Central Library, University of Rajshahi   23/07/1985 Amecica cal     905 OLD 1963 10/05/2014 C-6 Books